000 00666nam a2200169 4500
001 144142
003 ES-MaACL
007 t|
008 070214s1979 sp r ||||1| spa d
111 2 _aSimposio Nacional de Literatura Infantil (
_cEl Paular (
_d1979) (
_n. 1º)
_9220976
245 1 0 _aI Simposio Nacional de Literatura Infantil
_b: Hostería de Santa María de El Paular, días 10, 11 y 12 de diciembre de 1979.
260 _a[Madrid] :
_bDirección General del Libro y Bibliotecas,
_c1980.
300 _a239 p. ;
_c25 cm.
710 2 _aEspaña.
_bDirección General del Libro y Bibliotecas.
_93788
852 _aES-MaACL
_jL-495
_bR.101062
999 _c144142
_d144142